[Event "Paphos op 2nd"]
[Site "Paphos"]
[Date "2024.04.30"]
[Round "7"]
[White "Suder, Jakub"]
[Black "Postny, Evgeny"]
[Result "0-1"]
[WhiteElo "2333"]
[BlackElo "2600"]
[PlyCount "70"]
[EventDate "2024.04.26"]
[EventType "swiss"]
[EventRounds "9"]
[EventCountry "CYP"]
[SourceTitle "CB19_2024"]
[SourceDate "2024.05.08"]
[SourceVersion "1"]
[SourceVersionDate "2024.05.08"]
[SourceQuality "1"]

1. d4 Nf6 2. c4 e6 3. Nc3 Bb4 4. a3 Bxc3+ 5. bxc3 Nc6 6. f3 b6 7. e4 Ba6 8. Bg5 h6 9. Bh4 g5 10. Bf2 Nh5 11. h4 Qf6 12. e5 Qg7 13. g4 Nf4 14. Ne2 Nxe2 15. Bxe2 0-0-0 16. Be3 f6 17. exf6 Qxf6 18. c5 Bxe2 19. Qxe2 gxh4 20. Qa6+ Kb8 21. Ke2 Rdf8 22. Rhf1 Ka8 23. cxb6 cxb6 24. Rab1 Rb8 25. a4 Rb7 26. Rb2 Rhb8 27. Qb5 Rc8 28. Qh5 Qe7 29. Qxh6 Qa3 30. Rd2 Qxc3 31. g5 Ne7 32. Qxh4 Qxe3+ 33. Kxe3 Nf5+ 34. Kf4 Nxh4 35. Ke5 Rf8 0-1

[Event "Paphos op 2nd"]
[Site "Paphos"]
[Date "2024.04.27"]
[Round "3"]
[White "Suder, Jakub"]
[Black "Baskin, Robert"]
[Result "1/2-1/2"]
[WhiteElo "2333"]
[BlackElo "2466"]
[PlyCount "59"]
[EventDate "2024.04.26"]
[EventType "swiss"]
[EventRounds "9"]
[EventCountry "CYP"]
[SourceTitle "CB19_2024"]
[SourceDate "2024.05.08"]
[SourceVersion "1"]
[SourceVersionDate "2024.05.08"]
[SourceQuality "1"]

1. d4 Nf6 2. c4 e6 3. Nc3 Bb4 4. Qb3 c5 5. dxc5 Nc6 6. Nf3 Ne4 7. Bd2 Nxd2 8. Nxd2 Bxc5 9. Nde4 Be7 10. Rd1 Qc7 11. e3 0-0 12. Be2 a6 13. c5 Rb8 14. Na4 Qa5+ 15. Kf1 b6 16. cxb6 d5 17. Nec3 Bd7 18. a3 Ne5 19. Rd4 Bxa4 20. Rxa4 Qxb6 21. Qxb6 Rxb6 22. Nd1 Ra8 23. Ke1 Bf6 24. Kd2 Nc4+ 25. Bxc4 dxc4 26. Rxc4 Bxb2 27. Nxb2 Rxb2+ 28. Rc2 Rd8+ 29. Kc3 Rbb8 30. Rhc1 1/2-1/2

[Event "Titled Tuesday intern op 16th Apr Late"]
[Site "Chess.com INT"]
[Date "2024.04.16"]
[Round "3"]
[White "Suder, Jakub"]
[Black "Marchesich, Giovanni"]
[Result "1-0"]
[WhiteElo "2333"]
[BlackElo "2226"]
[PlyCount "41"]
[EventDate "2024.04.16"]
[EventType "swiss (blitz)"]
[EventRounds "11"]
[EventCountry "USA"]
[SourceTitle "CB17_2024"]
[SourceDate "2024.04.24"]
[SourceVersion "1"]
[SourceVersionDate "2024.04.24"]
[SourceQuality "1"]

1. d4 g6 2. c4 Bg7 3. Nc3 e6 4. h4 Ne7 5. h5 d5 6. h6 Bf6 7. Nf3 Nbc6 8. e4 dxe4 9. Nxe4 Bxd4 10. Nxd4 Qxd4 11. Bd3 f5 12. Be3 Qe5 13. f4 Qa5+ 14. Nc3 0-0 15. a3 b6 16. b4 Qa6 17. b5 Qa5 18. Bd2 Nd4 19. Ne2 Nxe2 20. Bxe2 Bb7 21. Bxa5 1-0

[Event "Titled Tuesday intern op 02nd Apr Late"]
[Site "Chess.com INT"]
[Date "2024.04.02"]
[Round "2"]
[White "Suder, Jakub"]
[Black "Druzhinina, Olga"]
[Result "1-0"]
[WhiteElo "2333"]
[BlackElo "2245"]
[PlyCount "47"]
[EventDate "2024.04.02"]
[EventType "swiss (blitz)"]
[EventRounds "11"]
[EventCountry "USA"]
[SourceTitle "CB15_2024"]
[SourceDate "2024.04.10"]
[SourceVersion "1"]
[SourceVersionDate "2024.04.10"]
[SourceQuality "1"]

1. d4 Nf6 2. c4 g6 3. Nc3 d5 4. cxd5 Nxd5 5. e4 Nxc3 6. bxc3 Bg7 7. Bc4 c5 8. Ne2 0-0 9. Be3 Nc6 10. h4 h5 11. Rc1 Na5 12. Bd3 c4 13. Bc2 b5 14. f3 Qd6 15. e5 Qd7 16. Nf4 e6 17. g4 hxg4 18. h5 g5 19. h6 gxf4 20. hxg7 Kxg7 21. Rh7+ Kg8 22. Bxf4 Qd5 23. Qe2 Qxf3 24. Qh2 1-0

[Event "Titled Tuesday intern op 02nd Apr Early"]
[Site "Chess.com INT"]
[Date "2024.04.02"]
[Round "1"]
[White "Suder, Jakub"]
[Black "Romero Arzuaga, Yudel"]
[Result "1-0"]
[WhiteElo "2333"]
[BlackElo "2231"]
[PlyCount "69"]
[EventDate "2024.04.02"]
[EventType "swiss (blitz)"]
[EventRounds "11"]
[EventCountry "USA"]
[SourceTitle "CB15_2024"]
[SourceDate "2024.04.10"]
[SourceVersion "1"]
[SourceVersionDate "2024.04.10"]
[SourceQuality "1"]

1. d4 d5 2. c4 e6 3. Nc3 Nf6 4. cxd5 exd5 5. Bg5 Be7 6. e3 0-0 7. Bd3 c6 8. Qc2 Nbd7 9. Nge2 Re8 10. 0-0 Nf8 11. f3 N6d7 12. Bxe7 Qxe7 13. e4 dxe4 14. fxe4 Nb6 15. Kh1 Bg4 16. e5 Bxe2 17. Nxe2 Rad8 18. Rf3 Nd5 19. a3 f6 20. exf6 Nxf6 21. Raf1 Ne6 22. Rh3 h6 23. Re3 Nxd4 24. Qc4+ Ne6 25. Bf5 Rd6 26. Nf4 Nd5 27. Rxe6 Qf8 28. Rxe8 Qxe8 29. Nxd5 cxd5 30. Qd4 Kh8 31. h3 Rf6 32. Bd3 Rxf1+ 33. Bxf1 Qe6 34. Bd3 b6 35. Qf4 1-0

[Event "Titled Tuesday intern op 12th Mar Late"]
[Site "Chess.com INT"]
[Date "2024.03.12"]
[Round "2"]
[White "Suder, Jakub"]
[Black "Radhakrishnan, Sharath"]
[Result "0-1"]
[WhiteElo "2333"]
[BlackElo "1963"]
[PlyCount "98"]
[EventDate "2024.03.12"]
[EventType "swiss (blitz)"]
[EventRounds "11"]
[EventCountry "USA"]
[SourceTitle "CB12_2024"]
[SourceDate "2023.10.01"]
[SourceVersion "1"]
[SourceVersionDate "2023.10.01"]
[SourceQuality "1"]

1. d4 Nf6 2. c4 e6 3. Nc3 Bb4 4. f3 c5 5. d5 b5 6. e4 0-0 7. e5 exd5 8. exf6 d4 9. a3 Ba5 10. b4 cxb4 11. Nd5 bxa3+ 12. Kf2 Re8 13. Bg5 g6 14. Qxd4 Nc6 15. Qh4 Bb6+ 16. Kg3 Re5 17. Ne7+ Nxe7 18. fxe7 Qe8 19. Bf6 Rh5 20. Qe4 Bc7+ 21. f4 Rb8 22. Be2 Bb7 23. Qd4 Rf5 24. Nh3 b4 25. Bg4 Bb6 26. Bxf5 Bxd4 27. Bxd4 gxf5 28. Bf6 Be4 29. Nf2 Rb6 30. Nxe4 fxe4 31. Bh4 Re6 32. Rhb1 a5 33. Rd1 Rxe7 34. Rd5 e3 35. Bf6 Re6 36. Rg5+ Kf8 37. Bg7+ Ke7 38. Bd4 Rg6 39. Re1 Rxg5+ 40. fxg5 Qb8+ 41. Kf3 Qb7+ 42. Kxe3 Qxg2 43. Bb6 Kd6 44. Bxa5 Qb2 45. Rd1+ Kc6 46. Rd2 Qc3+ 47. Rd3 Qxc4 48. Rd4 Qc1+ 49. Ke4 b3 0-1

[Event "Titled Tuesday intern op 12th Mar Late"]
[Site "Chess.com INT"]
[Date "2024.03.12"]
[Round "1"]
[White "Xiong, Jeffery"]
[Black "Suder, Jakub"]
[Result "1-0"]
[WhiteElo "2645"]
[BlackElo "2333"]
[PlyCount "77"]
[EventDate "2024.03.12"]
[EventType "swiss (blitz)"]
[EventRounds "11"]
[EventCountry "USA"]
[SourceTitle "CB12_2024"]
[SourceDate "2023.10.01"]
[SourceVersion "1"]
[SourceVersionDate "2023.10.01"]
[SourceQuality "1"]

1. e4 c5 2. Nf3 e6 3. c3 Nf6 4. Bd3 d5 5. e5 Nfd7 6. Bc2 c4 7. d4 cxd3 8. Qxd3 Nc6 9. Bf4 Be7 10. h4 Qb6 11. b4 a5 12. b5 Ncb8 13. a4 Nc5 14. Qe3 Nbd7 15. Nbd2 Qc7 16. h5 h6 17. Rh3 b6 18. Rg3 Bf8 19. Nd4 Bb7 20. Kf1 0-0-0 21. Kg1 Kb8 22. Re1 Ka8 23. Rg4 Rc8 24. Bg3 Rg8 25. Qf3 Nb8 26. Rf4 Ncd7 27. Rxf7 Qxc3 28. Qxc3 Rxc3 29. Bh7 Rh8 30. Nxe6 Bb4 31. Bf5 Rxg3 32. fxg3 Bxd2 33. Re2 Nxe5 34. Rxe5 Bc3 35. Rxd5 Rc8 36. Rd6 Bb4 37. Rxb6 Rc1+ 38. Kh2 Bd5 39. Nc7+ 1-0

[Event "Titled Tuesday intern op 13th Feb Early"]
[Site "Chess.com INT"]
[Date "2024.02.13"]
[Round "1"]
[White "Blokhin, Sofia"]
[Black "Suder, Jakub"]
[Result "1/2-1/2"]
[WhiteElo "1964"]
[BlackElo "2333"]
[PlyCount "142"]
[EventDate "2024.02.13"]
[EventType "swiss (blitz)"]
[EventRounds "11"]
[EventCountry "USA"]
[SourceTitle "CB08_2024"]
[SourceDate "2024.02.21"]
[SourceVersion "1"]
[SourceVersionDate "2024.02.21"]
[SourceQuality "1"]

1. d4 d5 2. c4 e6 3. Nc3 a6 4. cxd5 exd5 5. e3 Nf6 6. Nf3 Bd6 7. Bd3 0-0 8. 0-0 Re8 9. Re1 c6 10. Qc2 Bg4 11. e4 dxe4 12. Nxe4 Nxe4 13. Bxe4 h6 14. Bd2 Nd7 15. h3 Be6 16. Bc3 Nf6 17. Bd3 Nd5 18. Rad1 Nf4 19. Be4 Qc8 20. b4 Bxh3 21. gxh3 Qxh3 22. Ne5 Bxe5 23. dxe5 Re6 24. f3 Qg3+ 25. Kf1 Qh3+ 26. Kg1 Qg3+ 27. Kf1 Rae8 28. Qf2 Qh3+ 29. Kg1 Qh5 30. Qg3 Ng6 31. Rd6 a5 32. Rxe6 Rxe6 33. Rd1 axb4 34. Bb2 Re8 35. Bxg6 fxg6 36. Rd6 Qf5 37. Bd4 c5 38. Bf2 g5 39. e6 Rxe6 40. Rxe6 Qxe6 41. Qb8+ Kh7 42. Qxb7 Qd6 43. Qe4+ Kg8 44. Qe8+ Kh7 45. Qe4+ g6 46. Qc4 h5 47. Qxc5 Qd1+ 48. Kg2 g4 49. fxg4 Qxg4+ 50. Kh2 Qf4+ 51. Bg3 Qd2+ 52. Kh3 Qd7+ 53. Kh2 Qd2+ 54. Kh3 Qd7+ 55. Kg2 Qb7+ 56. Kh2 Qe4 57. Qc7+ Kh6 58. Qf4+ Qxf4 59. Bxf4+ g5 60. Bd2 Kg6 61. Bxb4 Kf5 62. Kg3 Ke6 63. a4 Kd7 64. a5 Kc8 65. Be7 Kb7 66. Bxg5 Ka8 67. Kh4 Kb7 68. Kxh5 Ka8 69. Kg4 Kb7 70. a6+ Ka8 71. a7 Kxa7 1/2-1/2

[Event "Titled Tuesday intern op 13th Feb Late"]
[Site "Chess.com INT"]
[Date "2024.02.13"]
[Round "2"]
[White "Indjic, Aleksandar"]
[Black "Suder, Jakub"]
[Result "0-1"]
[WhiteElo "2595"]
[BlackElo "2333"]
[PlyCount "98"]
[EventDate "2024.02.13"]
[EventType "swiss (blitz)"]
[EventRounds "11"]
[EventCountry "USA"]
[SourceTitle "CB08_2024"]
[SourceDate "2024.02.21"]
[SourceVersion "1"]
[SourceVersionDate "2024.02.21"]
[SourceQuality "1"]

1. e4 c5 2. Nf3 e6 3. d4 cxd4 4. Nxd4 Nc6 5. Nc3 Nf6 6. a3 Bc5 7. Be3 Qb6 8. Na4 Qa5+ 9. c3 Bxd4 10. Bxd4 Nxd4 11. Qxd4 e5 12. Qc4 d6 13. Qb5+ Qxb5 14. Bxb5+ Ke7 15. b4 Nxe4 16. f3 Nf6 17. 0-0-0 Be6 18. Bd3 Rac8 19. Kd2 Rc7 20. Nb2 d5 21. Rhe1 Nd7 22. Rc1 Rhc8 23. Bb5 f6 24. Bxd7 Kxd7 25. g3 b6 26. f4 exf4 27. gxf4 Bf5 28. Rg1 Kd6 29. Rge1 h5 30. h4 Be4 31. Re3 Rg8 32. Rg3 g6 33. Re1 Rgc8 34. Nd1 a5 35. Re2 axb4 36. axb4 Ra8 37. Ne3 Ra2+ 38. Ke1 Ra1+ 39. Kf2 Rh1 40. Nf1 Rxh4 41. Nd2 Rxf4+ 42. Ke1 h4 43. Nxe4+ Rxe4 44. Rxg6 Ke5 45. Rg4 Rh7 46. Kf2 Rxe2+ 47. Kxe2 h3 48. Rg1 h2 49. Rh1 f5 0-1

[Event "Titled Tuesday intern op 13th Feb Late"]
[Site "Chess.com INT"]
[Date "2024.02.13"]
[Round "3"]
[White "Suder, Jakub"]
[Black "Gokerkan, Cem Kaan"]
[Result "0-1"]
[WhiteElo "2333"]
[BlackElo "2523"]
[PlyCount "30"]
[EventDate "2024.02.13"]
[EventType "swiss (blitz)"]
[EventRounds "11"]
[EventCountry "USA"]
[SourceTitle "CB08_2024"]
[SourceDate "2024.02.21"]
[SourceVersion "1"]
[SourceVersionDate "2024.02.21"]
[SourceQuality "1"]

1. d4 Nf6 2. c4 g6 3. Nc3 Bg7 4. e4 0-0 5. Be2 c5 6. d5 d6 7. h3 e6 8. Nf3 Re8 9. 0-0 exd5 10. exd5 Bf5 11. Bg5 h6 12. Bh4 Qb6 13. Bxf6 Bxf6 14. Qd2 Nd7 15. b3 Bxc3 0-1

[Event "Titled Tuesday intern op 06th Feb Late"]
[Site "Chess.com INT"]
[Date "2024.02.06"]
[Round "1"]
[White "Suder, Jakub"]
[Black "Lamotte Tavares, Patrick"]
[Result "1-0"]
[WhiteElo "2333"]
[BlackElo "1879"]
[PlyCount "53"]
[EventDate "2024.02.06"]
[EventType "swiss (blitz)"]
[EventRounds "11"]
[EventCountry "USA"]
[SourceTitle "CB07_2024"]
[SourceDate "2024.02.14"]
[SourceVersion "1"]
[SourceVersionDate "2024.02.14"]
[SourceQuality "1"]

1. d4 Nf6 2. c4 c5 3. d5 e6 4. Nc3 exd5 5. cxd5 d6 6. e4 g6 7. Nf3 a6 8. a4 Bg4 9. Qb3 Bxf3 10. Qxb7 Nbd7 11. gxf3 Bg7 12. Be2 0-0 13. Qb3 Rb8 14. Qc2 Re8 15. Be3 Nh5 16. f4 Kh8 17. Bxh5 gxh5 18. 0-0-0 Qa5 19. Rhg1 Rb4 20. Bd2 Rc4 21. Qb3 Rb4 22. Qc2 Rc4 23. Rg3 Qc7 24. Rdg1 Bd4 25. e5 Rb8 26. Rg7 dxe5 27. Qxh7# 1-0

[Event "Krakow op-A 34th"]
[Site "Krakow"]
[Date "2023.12.31"]
[Round "5"]
[White "Suder, Jakub"]
[Black "Gorkiewicz, Mateusz"]
[Result "1-0"]
[WhiteElo "2312"]
[BlackElo "2147"]
[PlyCount "79"]
[EventDate "2023.12.27"]
[EventType "swiss"]
[EventRounds "9"]
[EventCountry "POL"]
[SourceTitle "CB02_2024"]
[SourceDate "2024.01.10"]
[SourceVersion "1"]
[SourceVersionDate "2024.01.10"]
[SourceQuality "1"]

1. d4 Nf6 2. c4 e6 3. Nc3 d5 4. cxd5 exd5 5. Bg5 Be7 6. e3 Nbd7 7. Bd3 c6 8. Nge2 Nh5 9. Bxe7 Qxe7 10. g4 Nhf6 11. Ng3 Nb6 12. g5 Nfd7 13. h4 Nf8 14. Qe2 Bd7 15. 0-0-0 0-0-0 16. Kb1 h6 17. gxh6 Rxh6 18. h5 g6 19. Rc1 Qf6 20. a4 Kb8 21. a5 Nc8 22. Qc2 Qd6 23. Qb3 Ka8 24. a6 b6 25. e4 dxe4 26. Bxe4 Ne6 27. Nb5 Qf4 28. d5 Nc5 29. Rxc5 bxc5 30. Rh4 c4 31. Qb4 Qe5 32. dxc6 Bf5 33. Nd4 Nb6 34. Ngxf5 Kb8 35. Nf3 Qe6 36. c7+ Kxc7 37. Qc5+ Kb8 38. N3d4 Na4 39. Nc6+ Kc8 40. Nxa7+ 1-0

[Event "Titled Tuesday intern op 19th Sep Late"]
[Site "Chess.com INT"]
[Date "2023.09.19"]
[Round "1"]
[White "Minina, Veronika"]
[Black "Suder, Jakub"]
[Result "0-1"]
[WhiteElo "2057"]
[BlackElo "2304"]
[PlyCount "88"]
[EventDate "2023.09.19"]
[EventType "swiss (blitz)"]
[EventRounds "11"]
[EventCountry "USA"]
[SourceTitle "EXT 2024"]
[Source "ChessBase"]
[SourceDate "2023.10.10"]
[SourceVersion "1"]
[SourceVersionDate "2023.10.10"]
[SourceQuality "1"]

1. Nf3 d5 2. c4 e6 3. g3 Nf6 4. Bg2 Be7 5. 0-0 0-0 6. Qc2 a6 7. d4 dxc4 8. Qxc4 b5 9. Qc2 Bb7 10. Bd2 Be4 11. Qc1 Bb7 12. Ba5 Nc6 13. Bd2 Nxd4 14. Nxd4 Bxg2 15. Nxe6 fxe6 16. Kxg2 c5 17. Nc3 Nd5 18. Qc2 Rc8 19. Rad1 Bf6 20. Kg1 Nxc3 21. Bxc3 Qe7 22. Rd3 c4 23. Re3 Rfd8 24. a3 Rc6 25. Bb4 Qc7 26. Qe4 a5 27. Bc3 Bxc3 28. bxc3 Rcd6 29. Rb1 Qc5 30. Kg2 h6 31. h4 Rb8 32. a4 b4 33. cxb4 axb4 34. Rf3 c3 35. Qf4 Qc7 36. Rc1 Rd7 37. Qe4 Qd6 38. Qc4 Rc7 39. Qb3 Qd5 40. Qc2 b3 41. Qg6 b2 42. Rd1 Qxd1 43. Qxe6+ Kh8 44. Qe5 Qd7 0-1

[Event "Titled Tuesday intern op 19th Sep Late"]
[Site "Chess.com INT"]
[Date "2023.09.19"]
[Round "5"]
[White "Suder, Jakub"]
[Black "Bakalchuk, Johnatan"]
[Result "1-0"]
[WhiteElo "2304"]
[BlackElo "2450"]
[PlyCount "81"]
[EventDate "2023.09.19"]
[EventType "swiss (blitz)"]
[EventRounds "11"]
[EventCountry "USA"]
[SourceTitle "EXT 2024"]
[Source "ChessBase"]
[SourceDate "2023.10.10"]
[SourceVersion "1"]
[SourceVersionDate "2023.10.10"]
[SourceQuality "1"]

1. d4 Nf6 2. c4 g6 3. Nc3 Bg7 4. e4 0-0 5. Nf3 d6 6. Be2 Na6 7. 0-0 e5 8. Be3 c6 9. d5 Ng4 10. Bg5 f6 11. Bc1 c5 12. a3 f5 13. Ng5 Nf6 14. exf5 gxf5 15. f4 e4 16. Be3 b6 17. Kh1 h6 18. Nh3 Bd7 19. Nf2 Nc7 20. Rc1 a6 21. Rg1 b5 22. b3 bxc4 23. bxc4 Rb8 24. g4 Rb2 25. Rc2 Qb8 26. gxf5 Bxf5 27. Qd2 Rb3 28. Rcc1 Rb2 29. Rc2 Rb3 30. Rcc1 Rxa3 31. Rb1 Rb3 32. Rxb3 Qxb3 33. Rb1 Qa3 34. Rb7 Nce8 35. Nfd1 Ng4 36. h3 Nxe3 37. Qxe3 Bd4 38. Qg3+ Kh8 39. Bg4 Bh7 40. Be6 e3 41. Ne2 1-0

[Event "Titled Tuesday intern op 19th Sep Late"]
[Site "Chess.com INT"]
[Date "2023.09.19"]
[Round "6"]
[White "Suder, Jakub"]
[Black "Kushko, Dmitriy"]
[Result "0-1"]
[WhiteElo "2304"]
[BlackElo "2426"]
[PlyCount "150"]
[EventDate "2023.09.19"]
[EventType "swiss (blitz)"]
[EventRounds "11"]
[EventCountry "USA"]
[SourceTitle "EXT 2024"]
[Source "ChessBase"]
[SourceDate "2023.10.10"]
[SourceVersion "1"]
[SourceVersionDate "2023.10.10"]
[SourceQuality "1"]

1. d4 g6 2. c4 Bg7 3. Nc3 d6 4. e4 e5 5. Nf3 Bg4 6. d5 Nd7 7. Be2 Bxf3 8. Bxf3 a5 9. 0-0 h5 10. Be3 Bh6 11. Qd2 Bxe3 12. Qxe3 Ngf6 13. a3 Nc5 14. b4 Nb3 15. Rab1 axb4 16. axb4 Nd4 17. Ne2 Nxe2+ 18. Bxe2 Kf8 19. Ra1 Kg7 20. c5 Qe7 21. f3 Nd7 22. Bb5 Nf6 23. Rfc1 Rhc8 24. Be2 Qf8 25. Ra3 Rxa3 26. Qxa3 Ra8 27. Qc3 h4 28. Ra1 Nh5 29. c6 bxc6 30. dxc6 Nf4 31. Bf1 Rxa1 32. Qxa1 Qb8 33. g3 Qb6+ 34. Kh1 hxg3 35. hxg3 Nh5 36. Qe1 Qxc6 37. Qf2 d5 38. b5 Qd6 39. exd5 Qxd5 40. Kg2 e4 41. fxe4 Qxe4+ 42. Kh2 Qe5 43. Be2 Nf6 44. Qf3 Ne4 45. Kg2 Nxg3 46. Qxg3 Qxe2+ 47. Kg1 Qxb5 48. Qxc7 Qf5 49. Qe7 Qf6 50. Qe8 g5 51. Kg2 Kg6 52. Qg8+ Kh6 53. Kg1 Kh5 54. Kg2 Kg4 55. Qc8+ Qf5 56. Qc4+ Qf4 57. Qc8+ f5 58. Qc3 Qe4+ 59. Kh2 Qf3 60. Qh8 Qf4+ 61. Kg2 Qe4+ 62. Kf2 Qf3+ 63. Ke1 f4 64. Qh6 Qg2 65. Qe6+ Kg3 66. Qe5 g4 67. Qb8 Qf3 68. Qb2 Kh3 69. Qh8+ Kg2 70. Qb2+ Kh1 71. Qh8+ Kg1 72. Qh5 Qe3+ 73. Kd1 g3 74. Qh3 g2 75. Qh4 f3 0-1

[Event "POL-chT 2nd League"]
[Site "Jastrzebia Gora"]
[Date "2023.09.03"]
[Round "2.49"]
[White "Suder, Jakub"]
[Black "Maciejczak, Jakub"]
[Result "1/2-1/2"]
[WhiteElo "2304"]
[BlackElo "2360"]
[PlyCount "48"]
[EventDate "2023.09.02"]
[EventType "team-swiss"]
[EventRounds "9"]
[EventCountry "POL"]
[SourceTitle "EXT 2024"]
[Source "ChessBase"]
[SourceDate "2023.10.10"]
[SourceVersion "1"]
[SourceVersionDate "2023.10.10"]
[SourceQuality "1"]
[WhiteTeam "Myslenice MAT"]
[BlackTeam "Ostrow Wielkopolski"]
[WhiteTeamCountry "POL"]
[BlackTeamCountry "POL"]

1. d4 d5 2. c4 e6 3. Nc3 Nf6 4. cxd5 exd5 5. Bg5 c6 6. e3 Be7 7. Bd3 0-0 8. Qc2 Nbd7 9. Nge2 Re8 10. 0-0 Nf8 11. f3 Be6 12. Rad1 Rc8 13. Nf4 Bd7 14. Bh4 h6 15. Bf2 Bd6 16. Nfe2 Ne6 17. Kh1 Ng5 18. Bg1 Qe7 19. Qd2 Rcd8 20. Bb1 b6 21. Qe1 Bc8 22. Bd3 Bb8 23. Qh4 a6 24. Rc1 c5 1/2-1/2